| 000 | 00389nam a2200157Ia 4500 | ||
|---|---|---|---|
| 008 | 230917s9999||||xx |||||||||||||| ||und|| | ||
| 020 | _cRS300 | ||
| 040 |
_e34083 _aMAIN |
||
| 041 | _aEnglish | ||
| 082 | _a820.9 R314R | ||
| 100 | _aNanavati, U M | ||
| 245 | 0 | _aRethinking Indian English literature | |
| 260 |
_aDelhi _bPencraft International _c2000 |
||
| 300 | _a155 p. | ||
| 942 | _cBK | ||
| 999 |
_c112188 _d112188 |
||